04081nam a2200505Ia 4500952010500000952010200105952010900207952010900316952009900425952011100524952009100635952009100726952010800817952010800925952011101033952010901144952010701253952009501360952011001455952010101565952010201666999001701768008004101785020001501826050001501841082001601856100003101872240003001903245004301933260006701976300002402043500003602067504003402103505092202137519010603059519005503165519004503220519006303265519005903328519006503387650002203452700003803474700005103512942001203563 00104070a04b04d2007-07-16l1m1oHD31 M65p04 001063r2013-08-19s2013-08-08t1w2012-06-24yLB 00104070a04b04d2009-03-06l5oHD31 M65p04 002492r2018-01-08s2017-11-28t2w2012-06-24yLB 00104070a22b22d2009-08-05l2oHD31 .M618 2002p06 000110r2017-04-07s2017-04-07t2w2012-06-26yLB 00104070a22b22d2009-07-22l1oHD31 .M618 2002p06 000119r2016-09-21s2016-09-21t1w2012-06-26yLB 00104070a07b07d2008-12-10l0oHD31 M598518 2002p07 000266r2012-06-26t1w2012-06-26yLB 00104070a07b07d2010-09-14l1oHD31 M598518 2002p07 000267r2015-02-24s2015-02-24t2w2012-06-26yLB 00104070a15b15d2009-11-30l0o658 M764Ap15 003457r2017-12-07t2w2012-06-28yLB 00104070a15b15d2009-11-30l0o658 M764Ap15 003458r2017-12-07t1w2012-06-28yLB 00104070a03b03d2001-05-15l1oHD31 M618 2002p03 005157r2013-09-13s2013-09-12t1w2012-07-20yLB 00104070a03b03d2001-05-15l3oHD31 M618 2002p03 005158r2016-11-19s2016-11-19t2w2012-07-20yLB 00104070a08b08d2008-12-17l2oHD31 M757 2002***p08 000745r2019-06-18s2019-06-18t1w2012-07-20yLB 00104070a13b13d2010-06-26l5oHD31 .M618 2002p13 000334r2014-10-06s2014-10-06t1w2012-09-05yLB 00104070a14b14d2009-05-15l1oHD31 M66 2002p14 000514r2014-06-30s2014-06-27t1w2012-10-28yLB 00104070a14b14d2009-05-16l0oHD31 M66 2002p14 000635r2012-10-28t2w2012-10-28yLB 00104070a14b14d2009-05-16l1m1oHD31 M66 2002p14 000636r2013-09-27s2013-09-23t3w2012-10-28yLB 00102lcc4070a03b03d2015-08-12l0oHD31 M618 2002p03 008297r2015-08-12t3w2015-08-12yLB 00104070a04b04d2019-11-08l3oHD31 M65p04 000661r2022-05-26s2022-05-26t3w2019-11-08yLB c61990d61990120625s2002 mx 001 0 spa d a970240246814aHD31 bM65 a658 bM764a1 aMontana, Patrick J.eautor aAdministrationlespañol10aAdministraciónc/ Patrick J. Montana3 aMéxicob: Compañia Editorial Continentalb: Patriac, 2002 axvi, 612 páginas  aReimpresión: 2003, 2005, 2006 aBibliografía (pp. 585-599) 0 a¿Qué es la administración?: Definiciones y perspectiva Administración: Historia y conceptos Administración: Responsabilidad social Administración y el entorno de las empresas Toma de decisiones ejecutivas: clases y estilo Visión general de las visiones de la administración Planeación: Formulación estratégica Planeación: Implementación estratégica Conceptos básicos para organizar Estructuras organizacionales: conceptos y formatos Dotación: Administración de recursos humanos Motivación: Teoría y práctica Liderazgo: Teoría y práctica Administración: La función de control Dinámica y creatividad del grupo de trabajo Habilidades de la comunicación y efectividad administrativa Cómo dirigir el cambio organizacional Conflictos: Dimensionales, organizacionales y personales Administración de productos y operaciones Administración del tiempo  aPlan Flexible / bPedagogía / cOrganización y Administración Educativa I (P08) / d(04 001063) aMaterial Complementario /d(04 002492) (04 000661) aMaterial Complementario / d(05 000621)  aMaterial Complementario /bAdministración /d(06 000110) aMaterial Complementario /bContaduría /d(06 000119) aMaterial Complementario /d(03 005157, 03 005158, 03 008297)10aADMINISTRACIÓN  aZamora Mercado, Mario etraductor aBroissin Fernández, Ma. de la Luzetraductor cLB2lcc